00771nam a22002417a 4500003000200000005001700002008000200019010001300021020002200034035002300056037001600079040001500095082001700110100002400127245010600151260005000257270005900307300002000366500005100386650003100437650003800468700002300506020180801155055.00 aB-219801 c00.00a8171419577 aB-219801, B-219802 bCen Lib/Ret aDPLbENc0 a658.406bSHY aShyni, Kumari B. K. aChange management vis-A-vis human resource management /cby Kumari B.K. Shyni [and] G. Simon Thattil  aNew Delhi bDiscovery Publishing House c2005 a4831/24, Ansari Road, Dariya Ganj bNew Delhi e110002 a329p.c21cm(Hb) aIncludes bibliographical references and index  aHuman resource amangement  aChange management xImplications  aThattil, G. Simon